A chance to learn : knowledge and finance for education in Sub-Saharan Africa. (Record no. 37064)

MARC details
000 -LEADER
fixed length control field 00839nam a2200217 a 4500
001 - CONTROL NUMBER
control field 12252909
008 - FIXED-LENGTH DATA ELEMENTS--GENERAL INFORMATION
fixed length control field 150826s2001 ||||||||||||||||| || u
010 ## - LIBRARY OF CONGRESS CONTROL NUMBER
LC control number 00068597
020 ## - INTERNATIONAL STANDARD BOOK NUMBER
International Standard Book Number 0821349074
050 ## - LIBRARY OF CONGRESS CALL NUMBER
Classification number IBRD(06)AHD/2001/3
100 ## - MAIN ENTRY--PERSONAL NAME
Personal name Verspoor, Adriaan
245 12 - TITLE STATEMENT
Title A chance to learn : knowledge and finance for education in Sub-Saharan Africa.
260 ## - PUBLICATION, DISTRIBUTION, ETC.
Place of publication, distribution, etc. Washington, DC
Date of publication, distribution, etc. 2001
300 ## - PHYSICAL DESCRIPTION
Extent xii, 86 p. : ill. ; 28 cm.
490 ## - SERIES STATEMENT
Series statement Africa region human development
500 ## - GENERAL NOTE
General note Includes bibliographical references (p. 83-86).
650 ## - SUBJECT ADDED ENTRY--TOPICAL TERM
Topical term or geographic name entry element EDUCATION--ECONOMIC ASPECTS--AFRICA, SUB-SAHARAN
650 #0 - SUBJECT ADDED ENTRY--TOPICAL TERM
Topical term or geographic name entry element EDUCATION AND STATE--AFRICA, SUB-SAHARAN
710 ## - ADDED ENTRY--CORPORATE NAME
Corporate name or jurisdiction name as entry element World Bank
995 ## - RECOMMENDATION 995 [LOCAL, UNIMARC FRANCE]
-- CBU-MAIN LIBRARY (Kitwe)
-- 1
-- AVAILABLE
-- Aug 26, 2015
-- International Publications
Holdings
Withdrawn status Lost status Source of classification or shelving scheme Damaged status Not for loan Home library Current library Shelving location Date acquired Total Checkouts Full call number Barcode Date last seen Price effective from Koha item type
          CBU-MAIN LIBRARY, KITWE. CBU-MAIN LIBRARY, KITWE.   11/30/2022   IBRD(06)AHD/2001/3 45036 11/30/2022 11/30/2022 MONOGRAPH